[Event "JPN-ch 46th"]
[Site "Tokyo"]
[Date "2013.05.03"]
[Round "5"]
[White "Tang, Tang"]
[Black "Sakai, Sou"]
[Result "1/2-1/2"]
[WhiteElo "1927"]
[BlackElo "1831"]
[PlyCount "41"]
[EventDate "2013.05.01"]
[EventType "swiss"]
[EventRounds "11"]
[EventCountry "JPN"]
[SourceTitle "CBM 154 Extra"]
[Source "ChessBase"]
[SourceDate "2013.06.25"]
[SourceVersion "2"]
[SourceVersionDate "2013.06.25"]
[SourceQuality "1"]

1. e4 d6 2. d4 Nf6 3. Nc3 e5 4. dxe5 dxe5 5. Qxd8+ Kxd8 6. Bg5 Be6 7. Nf3 Bd6 8. 0-0-0 Nbd7 9. Bh4 h6 10. Bb5 Kc8 11. Rhe1 a6 12. Ba4 Nc5 13. Bb3 Nxb3+ 14. axb3 Nd7 15. Nd2 f6 16. f3 Bc5 17. Re2 c6 18. Bf2 Bxf2 19. Rxf2 b5 20. Nf1 Kc7 21. Ne3 1/2-1/2